000 01093nam a22003010i 4500
001 20445
003 VRT
005 20260122141554.0
008 090725s1995 SK r 000 slo d
020 _a8088834449
035 _a(SVKBBclas03)vtls000020070
039 9 _a201602101538
_bAUTHORITY
_c201602101533
_dAUTHORITY
040 _aSVKBB
_bslo
_cSVKBB
_eAACR2
041 1 _aslo
_h[ger]
080 _a830-2=854
100 1 _aSchiller, Friedrich,
_d1759-1805
245 1 0 _aÚklady a láska
_bMeštiacka trúchlohra : 1784
_cFriedrich Schiller; prel. Ignác Šafár
260 _aRohovce
_bInterpopulart Slovakia
_c[1995]
300 _a107 s.
_blit.
_c19 cm
440 0 _aPopulart
500 _aŠtudentská knižnica. Séria: Klasicistická dráma
655 7 _anemecké divadelné hry
_2hŠVKBB
700 1 _aŠafár, Ignác,
_d1912-1981,
_4trl
942 _2ddc
_cKLDO
_n0
949 _6270001000026573
_asvkbbA 94673
_bsvkbbm 612578
949 _6270001000054052
_asvkbbA 94673
_bsvkbbm 612577
_ooprava väzby
949 _6270001000066133
_asvkbbA 94673-b
_bsvkbbm 613253
_ooprava väzby
_p613.253
999 _c20445
_d20445